La erudición española en el siglo XVII y el cronista de Aragón, Andrés de Uztarroz / (Record no. 25617)

MARC details
000 -LEADER
campo de control de longitud fija 00749nam a2200193 i 4500
001 - NÚMERO DE CONTROL
campo de control 25617
003 - IDENTIFICADOR DE NÚMERO DE CONTROL
campo de control ES-MaACL
005 - FECHA Y HORA DE LA ÚLTIMA TRANSACCIÓN
campo de control 20251004063050.0
007 - CAMPO FIJO DE DESCRIPCIÓN FÍSICA--INFORMACIÓN GENERAL
campo de control de longitud fija t|
008 - DATOS DE LONGITUD FIJA--INFORMACIÓN GENERAL
campo de control de longitud fija 021227s1950 sp ||||1| spa d
100 1# - ENTRADA PRINCIPAL--NOMBRE DE PERSONA
Nombre de persona Arco y Garay, Ricardo del,
Fechas asociadas al nombre 1888-1955
9 (RLIN) 22507
245 13 - MENCIÓN DEL TÍTULO
Título La erudición española en el siglo XVII y el cronista de Aragón, Andrés de Uztarroz /
Mención de responsabilidad, etc. Ricardo del Arco y Garay.
260 ## - PUBLICACIÓN, DISTRIBUCIÓN, ETC.
Lugar de publicación, distribución, etc. Madrid :
Nombre del editor, distribuidor, etc. Consejo Superior de Investigaciones Científicas :
-- Instituto Jerónimo Zurita,
Fecha de publicación, distribución, etc. 1950.
300 ## - DESCRIPCIÓN FÍSICA
Extensión 2 t. ;
Dimensiones 25 cm.
710 2# - ENTRADA AGREGADA--NOMBRE DE ENTIDAD CORPORATIVA
Nombre de entidad corporativa o nombre de jurisdicción como elemento de entrada Consejo Superior de Investigaciones Científicas (España)
9 (RLIN) 3236
710 2# - ENTRADA AGREGADA--NOMBRE DE ENTIDAD CORPORATIVA
Nombre de entidad corporativa o nombre de jurisdicción como elemento de entrada Instituto Jerónimo Zurita
9 (RLIN) 5106
852 ## - LOCALIZACIÓN
Ubicación ES-MaACL
Número de control de estantería D-6889-90
Sublocalización o colección R.30699
Holdings
Estatus retirado Estado de pérdida Estado de daño No para préstamo Biblioteca de origen Biblioteca actual Ubicación en estantería Fecha de adquisición Fuente de adquisición Total de préstamos Signatura topográfica completa Código de barras Visto por última vez Precio de reemplazo Tipo de ítem Koha
        Biblioteca del Ateneo de Madrid Biblioteca del Ateneo de Madrid Sala Valle Inclán 17/01/2008     D-6889-90 901026418 23/02/2023 23/02/2023 Libro impreso